| 000 | 01024nas a2200337 4500 | ||
|---|---|---|---|
| 001 | BR2015004747 | ||
| 003 | BR-BrBNA | ||
| 005 | 20231205125630.0 | ||
| 007 | ta | ||
| 008 | 230509b bl.|||p| |||| 00| 00por d | ||
| 040 |
_aBR-BrBNA _bpor _cBiblioteca Nacional de Agricultura |
||
| 041 | _a(En) | ||
| 072 | _aP10 | ||
| 100 | 1 | _aBarana, A.C. | |
| 100 | 1 | _aBotelho, V.M.B. | |
| 100 | 1 | _aWiecheteck, G.K. | |
| 100 | 1 | _aDoll, M.M.R. | |
| 100 | 1 | _aSimões, D.R.S. | |
| 245 | 1 | _aRational use of water in a poultry slaughterhouse in the state of Paraná, Brazil: a case study | |
| 650 | _aFRANGO DE CORTE | ||
| 650 | _aINSTALACAO AGRICOLA | ||
| 650 | _aMANEJO DE AGUA | ||
| 650 | _aCONSUMO | ||
| 650 | _aABATEDOURO | ||
| 650 | _aLIMPEZA | ||
| 650 | _aLAVAGEM | ||
| 773 | 0 |
_tEngenharia Agrícola (Brazil) _xISSN 1809-4430 _g(Jan-Feb 2014), v. 34(1) p. 171-178 _wBR2015004747 |
|
| 856 | 4 | 0 | _uhttp://www.scielo.br/pdf/eagri/v34n1/v34n1a18.pdf |
| 909 |
_a202311 _bLúcia _c55 _dLúcia Elande |
||
| 942 |
_2AGRIS _n0 _cANA |
||
| 999 |
_c245288 _d245288 |
||